América, hemisferio de la paz: solución integral del problema del Pacífico

Na minha lista:
Detalhes bibliográficos
Autor principal: Antokoletz, Daniel (Author)
Formato: Livro
Idioma:espanhol
Publicado em: Buenos Aires, Argentina López 1929
Assuntos:
Tags: Adicionar Tag
Sem tags, seja o primeiro a adicionar uma tag!

MARC

LEADER 00000nam a2200000 a 4500
001 UCO2699
003 CL-VaPUC
005 20211019074350.0
008 000608e19290000AG |||||||||||||||||spa|d
999 |c 289198  |d 289196 
040 |c Pontificia Universidad Católica de Valparaíso 
082 0 4 |a 327.83 ANT 1929  |2 21 
100 0 |a Antokoletz, Daniel  |e author  |9 446236 
245 1 0 |a América, hemisferio de la paz:  |b  solución integral del problema del Pacífico 
260 |a Buenos Aires, Argentina  |b López  |c 1929 
300 |a 30 páginas 
500 |a version taquigráfica de la conferencia pronunciada el 20 de agosto de 1929 en la Facultad de Derecho y Ciencias Sociales de la Universidad de Buenos Aires 
583 |a last modification  |c 20160912 04:56:19  |k Rodrigo Vera 
650 0 |a Relaciones Internacionales  |z CHILE  |z PERU  |z BOLIVIA  |9 255740 
650 0 |a Historia de Chile siglo 20  |y SIGLO 20  |9 268145 
650 0 |a Problemas limítrofes  |z CHILE  |z PERU  |z BOLIVIA  |9 266724 
650 7 |a TRATADOS INTERNACIONALES  |2 CL-VaPUC  |9 446237  |z CHILE  |z PERU  |z BOLIVIA 
852 |a BIBCUR 
942 |c BK  |2 ddc 
945 |d 20000608 00:00:00  |a rherrera 
952 |0 0  |1 0  |2 ddc  |4 0  |6 327_830000000000000_ANT_1929  |7 0  |8 X  |9 337423  |a BIBHIS  |b BIBHIS  |d 2019-11-20  |i 1286072  |o 327.83 ANT 1929  |p 1286072  |r 2024-01-30  |t 1  |w 2019-11-20  |y BK_X  |k HIS